01166nam a2200193Ia 4500001001000000003001000010008004100020040002500061041001200086100003600098245006800134250001100202260006000213300001200273500026800285501011400553520026800667650003700935L189-1684IT-CnALBA170116s9999||||xx |||||||||||||| ||und|| aIT-CnALBAcIT-CnALBA aLATINO  aTOMMASO D'AQUINOgSANTO DOTTORE 0aIN DECEM LIBROS ETHICORUM ARISTOTELIS AD NICOMACHUM EXPOSITIO.  a3a ed. a TORINO - ROMAbMARIETTI EDITORE c1964 [1° Ed.: n.d.] a612 p.  aCURATORE SPIAZZI RAIMONDO. INTENZIONI METODO UDITORE. FELICITÀ VIRTÙ FINE DELLA VIRTÙ. VIRT' MORALI E INTELLETTUALI. CONTINENZA AMICIZIA GODIMENTO E FELICITÀ. LIBERALITA' MUNIFICENZA MANSUETUDINE GIUSTIZIA. SCIENZA ARTE PRUDENZA INTELLETTO SAPIENZA. QUEST aSocietà San Paolo EM - Piazza San Paolo, 14 - 12051 ALBA (CN) (non commercial uses only) ® Copyright 2017 aCURATORE SPIAZZI RAIMONDO. INTENZIONI METODO UDITORE. FELICITÀ VIRTÙ FINE DELLA VIRTÙ. VIRT' MORALI E INTELLETTUALI. CONTINENZA AMICIZIA GODIMENTO E FELICITÀ. LIBERALITA' MUNIFICENZA MANSUETUDINE GIUSTIZIA. SCIENZA ARTE PRUDENZA INTELLETTO SAPIENZA. QUEST aFILOSOFIA MEDIOEVALE OCCIDENTALE